Var - mort subite - Statistiques

Statistiques générales
  • Ce quiz a été pris 41 fois
  • Le résultat moyen est 11 sur 18
Answers on the Grid
Answers color-coded by a green-red scale on the quiz's grid according to % correct below.
Saint-Tropez
Toulouse
La principale base navale de la Marine nationale française
Visby
Le fleuve Var
Fayetteville
Tcherepovets
Draguignan
Fréjus
Fars
Sainte-Maxime
Un aéroport international
Brignoles
Campo Grande
Kulob
La Ciotat
Hyères
Saint-Raphaël
La Seyne-sur-Mer
Bié
Bargème
Osun
Cotignac
Une équipe qui ont été champions de France
Giresun
Six-Fours-les-Plages
La Crau
Afar
Assen
Saint-Maximin-la-Sainte-Baume
Antsirabe
Olt
Du territoire occupé par l’Italie en 1943
Cassis
Padoue
Toulon
 
Statistiques - réponses
Réponse % Correct
Saint-Tropez
85%
Hyères
82%
Fréjus
79%
Toulon
79%
Toulon La principale base navale de la Marine nationale française
76%
La Seyne-sur-Mer
73%
Sainte-Maxime
73%
Six-Fours-les-Plages
67%
Brignoles
64%
Saint-Raphaël
64%
Draguignan
61%
La Crau
55%
Saint-Maximin-la-Sainte-Baume
52%
Saint-Raphaël, 1912 Une équipe qui ont été champions de France
45%
Le département entier Du territoire occupé par l’Italie en 1943
39%
Toulon–Hyères Un aéroport international
39%
Cotignac
30%
Bargème
21%
Aucun quiz correspondant
Distribution des résultats
% des personnes avec chaque résultat
Percentile par nombre de réponses
Votre historique - résultats
Vous n’avez pas pris ce quiz